A Holland KP elnöke Szegedre látogatott

Elmentve itt :
Bibliográfiai részletek
Szerző: Enyedi Zoltán
Dokumentumtípus: Cikk
Megjelent: 1979-07-28
Sorozat:Délmagyarország 69 No. 175
Kulcsszavak:Hoekstra, Henk, külföldi politikusok látogatásai
Online Access:http://dmarchiv.bibl.u-szeged.hu/94704
LEADER 00499nab a2200157 i 4500
001 delm94704
005 20190523103836.0
008 190523s1979 hu o 0|| hun d
040 |a SZTE Délmagyarország Archívum  |b hun 
041 |a hun 
100 1 |a Enyedi Zoltán 
245 1 2 |a A Holland KP elnöke Szegedre látogatott  |h [elektronikus dokumentum] /  |c  Enyedi Zoltán 
260 |c 1979-07-28 
300 |a 1 
490 0 |a Délmagyarország  |v 69 No. 175 
695 |a Hoekstra, Henk, külföldi politikusok látogatásai